000 00245 a2200097 4500
001 19002
100 _aA S M E
245 _aIntruments & Apparatus Densily Diterminations of Solid & Liquids PT-16
260 _a
_bA S M E
_c
090 _c14080
_d14080
942 _aNUST-CAE
_c
_c4537
999 _c254075
_d254075